000 00596nam a22002177a 4500
005 20150331044409.0
008 120413s2012 nyua b 001 0 eng
020 _a9780071792219
041 0 _aeng
080 _a004
100 1 _aArora, Pankaj.
245 1 0 _aTo the cloud :
_cPankaj Arora, Raj Biyani, Salil Dave.
260 _aNew York :
_bMcGraw Hill,
_c2012.
300 _a119 f. :
_bme il.;
_c24 cm.
505 _aIndex: f. 105 - 119
650 0 _aKompjuterat
650 0 _aBiznesi
700 1 _aBiyani, Raj.
700 1 _aDave, Salil.
942 _2udc
_cBK
999 _c641
_d641